| 000 | 00463nam a2200157Ia 4500 | ||
|---|---|---|---|
| 008 | 160316s1994 xxu||||| |||| 00| 0 eng d | ||
| 082 |
_a341.470000 _bPRO |
||
| 100 | _a | ||
| 245 | _aProceedings of the thirty sixth colloquium on the law of outer space | ||
| 250 | _a | ||
| 260 |
_aNew York _bAmerican Institute of Aeronautics and Astronatics _c1994 |
||
| 300 |
_a485 _b _c |
||
| 365 | _b | ||
| 650 | _a1.International Law - Outer Space 2.Sace Law | ||
| 700 |
_a _a |
||
| 999 |
_c9355 _d9355 |
||